00534nam a2200145Ia 4500008004100000020001800041041000800059082001700067100002200084245019500106250000600301260002800307300001300335650004000348210716s2018 xx 000 0 und d a9781138494268 aeng a658.406 BARR aBarrett, Richard. aValues driven organization: cultural health and employee well being as a Pathway to sustainable performance.bCultural health and employee well being as a Pathway to sustainable performance. a1 aLondonbRoutledgec2018 axxxv,267 aOrganizational Development & Change